00746nam a2200217Ia 450000500170000000800410001702000180005804000190007604100120009508200130010724501100012026000360023030000150026650400400028165000540032165100250037585000100040094200070041099900150041795200960043220210908114639.0131103s9999 xx 000 0 und d a0-911012-72-9 aLoreto College aEnglish a320bMAC 4aThe Libertarian alternativeb essays in the social and political philosophy c[edited by] Tibor R. Machan aChicagobNelson Hall Co.cc1974 axv,553 p.  aIncludes bibliographical references aPolitics - Political Ideology - Libertarianism -  aPolitical Science -  aLCLIB cBK c368d50847 00102ddc4070aMAINbMAINd2013-11-04l0o320 MAC 26771pB377r2013-11-04w2013-11-04yBK